[Event "Carlos Torre Wimbledon 15th"]
[Site "Merida"]
[Date "2002.12.20"]
[Round "3"]
[White "Filippov, Valerij"]
[Black "Dominguez Perez, Leinier"]
[Result "1-0"]
[WhiteElo "2615"]
[BlackElo "2608"]
[Annotator "Huzman,A"]
[PlyCount "109"]
[EventDate "2002.12.13"]
[EventType "k.o."]
[EventRounds "4"]
[EventCountry "MEX"]
[SourceTitle "CBM 093"]
[Source "ChessBase"]
[SourceDate "2003.04.01"]
[SourceVersion "1"]
[SourceVersionDate "2003.04.01"]
[SourceQuality "1"]

1. Nf3 d5 2. d4 Nf6 3. c4 c6 4. Qb3 dxc4 5. Qxc4 Bf5 6. g3 e6 7. Bg2 Nbd7 8.
O-O Be7 9. Nc3 O-O 10. e3 Ne4 11. Rd1 Nxc3 (11... Rc8 12. Qb3 Qc7 13. Ne1 Nxc3
14. bxc3 e5 15. e4 Bg4 16. Nf3 c5 (16... Rfd8 17. Ng5 Bh5 18. Bf3 Bg6 19. Rb1
exd4 20. cxd4 Nb6 21. a4 h6 22. Nh3 Rb8 23. Nf4 Bh7 24. Be3 $14 {1/2-1/2
Farago,I-Varga,Z/Szentgotthard 2001/EXT 2002 (38)}) 17. Be3 cxd4 18. cxd4 exd4
19. Bxd4 Bf6 20. Bxf6 Nxf6 21. h3 Bh5 22. Qe3 Qc5 23. Rd4 Bxf3 24. Bxf3 Rfe8
$14 {1/2-1/2 Gurevich,M-Agdestein,S/Cappelle la Grande 1999/CBM 70/[Gurevich,M/
Winants] (73)}) 12. bxc3 Be4 (12... Bc2 13. Rd2 Be4 14. a4 (14. Qb3 Qc7 {
1/2-1/2 Rausis,I-Prakash,G/Dhaka 2001/CBM 82 (14)}) 14... Qa5 15. Qb3 c5 16.
Ne1 Bxg2 17. Nxg2 Rac8 18. Rb2 cxd4 19. cxd4 Nb6 20. Bd2 Qf5 21. Qb5 Qe4 22.
Ne1 Bd6 23. Bb4 Bxb4 24. Rxb4 Rc7 25. Qd3 Qc6 26. a5 Nd5 27. Rb2 Rfc8 $15 {
0-1 Burmakin,V-Fominyh,A/St Petersburg 2000/EXT 2001 (60)}) 13. a4 (13. Qb3 b5
(13... Qc7 14. Ne1 Bxg2 15. Nxg2 c5 16. e4 b6 17. Ne3 cxd4 18. cxd4 Qb7 19. e5
Rfd8 20. Bb2 Rac8 21. Rac1 Nf8 22. Rxc8 Rxc8 23. d5 $16 {1-0 Burmakin,
V-Riazantsev,A/Samara 2000/CBM 78 (53)}) 14. Ne1 Bd5 15. Bxd5 exd5 16. a4 a6
17. Ba3 {1/2-1/2 Kharlov,A-Dreev,A/Linares 1999/CBM 68 ext (17)}) (13. Qe2 c5
14. c4 Nf6 15. Bb2 Qa5 16. Ne5 Bxg2 17. Kxg2 cxd4 18. exd4 Ba3 19. Rab1 Bxb2
20. Rxb2 Qc7 $11 {1/2-1/2 Pigusov,E-Yevseev,D/St Petersburg 1998/CBM 67 (29)})
13... c5 (13... Qa5 14. Qb3 Rab8 15. Ne1 Bxg2 16. Nxg2 b5 17. e4 e5 18. Bd2 Qc7
19. axb5 cxb5 20. Qa2 Rb7 21. Ne3 Nb6 22. Qa6 Na4 23. Nd5 $16 {1-0 Dreev,A-Zhu
Chen/Dubai 2002/CBM 89 (78)}) 14. Nd2 Bxg2 15. Kxg2 Rc8 16. Qb3 Qc7 $132 {
[%cal Yc8c3]} 17. e4 Rfd8 18. Bb2 Nb8 {[%cal Yb8c6,Yc6a5]} (18... Nf6 $5 19.
Rab1 b6 $11) 19. Rac1 Nc6 20. Nc4 Na5 21. Nxa5 Qxa5 22. Ba3 (22. Qxb7 $2 Bg5
23. Rb1 Rb8 24. Qc6 Rdc8 25. Ba1 (25. Qd7 Rc7 26. Qd6 Rcb7 $17) (25. Qd6 Qxa4
26. Ba1 Rb6 27. Rxb6 axb6 $15) 25... Rxc6 26. Rxb8+ Bd8 27. dxc5 h5 28. Rdxd8+
Kh7 $17) 22... Qc7 $2 (22... Rd7 23. Bxc5 Bxc5 24. dxc5 Rdc7 $11) 23. Bxc5 Bxc5
24. dxc5 Rxd1 (24... Qc6 25. Qb4 a5 26. Qxa5 Qxe4+ 27. Kg1 $14) 25. Rxd1 g6 26.
Qb4 Kg7 27. a5 Qxc5 28. Qxb7 Rc7 29. Qb4 $16 e5 30. a6 Qxb4 31. cxb4 Rc4 32. b5
Rb4 33. Rd7 Rxb5 34. Rxa7 Ra5 (34... Rb4 35. Kf3 Rb3+ 36. Ke2 Rb2+ 37. Kd3 Rxf2
38. Rc7 Rxh2 39. Rc2 Rh1 40. Ra2 Rd1+ 41. Kc4 Rd8 42. a7 Ra8 43. Kd5 $18) 35.
h4 Ra3 $2 (35... h5 $1) 36. g4 $1 Kf6 37. g5+ $1 Ke6 (37... Kg7 38. Ra8 {
[%cal Gg2f1,Gf1e2,Ge2b2,Gb2b6,Gb6a7]}) 38. Ra8 Ke7 39. a7 Ra2 40. Kf3 Ra4 41.
Ke3 Ra3+ 42. Kd2 Ra2+ 43. Kc3 Ra3+ 44. Kb4 Ra1 45. Kc5 Ra2 46. Kb6 Rb2+ 47. Kc6
Ra2 48. Rc8 $1 Rxa7 49. Rc7+ Rxc7+ 50. Kxc7 $18 Ke6 51. Kc6 f6 (51... Ke7 52.
Kd5 f6 53. f3 Kf7 54. Kd6 $18) 52. Kc5 Ke7 53. Kd5 Kf7 54. Kd6 Kg7 55. Ke6 1-0

[Event "Abu Dhabi op 14th"]
[Site "Abu Dhabi"]
[Date "2004.08.14"]
[Round "1"]
[White "Raetsky, Alexander"]
[Black "Kobalia, Mihail"]
[Result "0-1"]
[WhiteElo "2399"]
[BlackElo "2618"]
[Annotator "Huzman,A"]
[PlyCount "72"]
[EventDate "2004.08.14"]
[EventType "swiss"]
[EventRounds "9"]
[EventCountry "UAE"]
[SourceTitle "CBM 103"]
[Source "ChessBase"]
[SourceDate "2004.11.11"]
[SourceVersion "1"]
[SourceVersionDate "2004.11.11"]
[SourceQuality "1"]

1. d4 d5 2. c4 c6 3. Nf3 Nf6 4. Qc2 dxc4 5. Qxc4 Bf5 6. g3 e6 7. Bg2 Be7 8. O-O
Nbd7 9. Nc3 O-O 10. e3 b5 11. Qe2 b4 12. Na4 Qa5 13. b3 Qb5 14. Re1 (14. Qd1 $6
Rfd8 15. Bb2 Rac8 16. Rc1 Be4 17. Re1 $2 (17. Nd2 $142 $15 Bxg2 18. Kxg2 c5 19.
Qf3 $15) 17... c5 $17 {0-1 Gurevich,D-Bruzon Bautista,L/Buenos Aires 2003/CBM
97/[Huzman] (56)}) 14... Rac8 (14... Qxe2 15. Rxe2 Bd3 16. Rd2 Bb5 17. Bb2 Rac8
18. Rc1 Rc7 19. Rdc2 Rfc8 20. Nc5 Nxc5 21. dxc5 Nd7 22. Nd4 Ba6 23. Bf1 Bxf1
24. Kxf1 Rb7 $11 {1/2-1/2 Disconzi da Silva,R-Leitao,R/Sao Paulo BRA 2003/(34)}
) 15. Bb2 (15. a3 Qxe2 16. Rxe2 a5 17. axb4 Bxb4 18. Ba3 Bxa3 19. Rxa3 c5 $11 {
0-1 Istratescu,A-Itkis,B/Bucharest 2000/CBM 79 ext (34)}) (15. Bf1 Bg4 16. Qd1
Qh5 17. Be2 Ne4 18. Nh4 Bxe2 19. Qxe2 Qxe2 20. Rxe2 c5 $15 {1-0 Murshed,
N-Hossain,E/Dhaka BAN 2004/(80)}) 15... Bd3 (15... Rfd8 16. Rad1 Be4 17. Bf1
Nb6 18. Nxb6 Qxe2 19. Bxe2 axb6 20. Nd2 Ra8 {1/2-1/2 Sargissian,G-Motylev,A/
Dubai UAE 2003/(20)}) 16. Qd1 Rfd8 17. Rc1 Qa6 (17... h6 18. Bf1 Bxf1 19. Rxf1
Ne4 20. Nd2 Nxd2 21. Qxd2 c5 $11 {1/2-1/2 Volzhin,A-Rustemov,A/Stockholm 2002/
CBM 85 ext (39)}) 18. Nd2 (18. Bf1 Bxf1 19. Rxf1 c5 20. Nd2 Nd5 21. dxc5 Nxc5
22. Qg4 g6 23. Nxc5 Bxc5 24. Rxc5 Rxc5 25. Qd4 Rc3 26. Bxc3 bxc3 27. Nc4 Rc8
28. e4 Nb6 29. Qxc3 Nxc4 30. bxc4 Qxc4 31. Qxc4 Rxc4 $17 {0-1 Tishin,D-Sumets,
A/Alushta UKR 2003/(63)}) 18... Bb5 19. Bf1 Qb7 (19... Bxf1 20. Rxf1 c5 21.
dxc5 Nxc5 22. Bxf6 gxf6 23. Nxc5 Rxc5 24. Rxc5 Bxc5 25. Qc2 $14) 20. Qf3 Qb8
21. Nc4 c5 22. Na5 (22. Nxc5 Nxc5 23. dxc5 Rxc5 24. Na5 Rf5 (24... Rdc8 25.
Rxc5 Rxc5 26. Bxb5 Qxb5 27. Bxf6 gxf6 28. Nc4 $14) 25. Qb7 Qxb7 26. Nxb7 Rd2
27. Bxf6 gxf6 28. Red1 $1 Rxd1 29. Rxd1 Bc6 $11) 22... cxd4 23. Bxd4 Nd5 (23...
Bxf1 24. Rxf1 e5 25. Ba1 e4 26. Qe2 {[%cal Ga5c6]} Qa8 27. Qa6 $36 {<<}) 24. e4
(24. Rxc8 Rxc8 25. Nb6 $6 axb6 26. Bxb5 bxa5 27. Bxd7 Rd8 28. Bc6 Qc7 $15)
24... N5f6 25. Bxb5 Qxb5 26. Nc4 $11 Rc7 27. h3 Rdc8 28. Qe2 Nf8 29. Qf1 N8d7
30. Bb2 (30. Qe2 $11) 30... Qg5 31. Rcd1 Rxc4 $5 32. bxc4 Qa5 33. Rxd7 $4 {
It is very difficult to understand what White has missed.} ({After the obvious
move} 33. Bxf6 Nxf6 (33... Bxf6 34. Rxd7 Qxa4 35. Qd3 $1 Qxa2 $140 36. e5 $18)
34. Nb2 (34. e5 Qxa4 35. exf6 Bxf6 36. Qe2 Qc6 37. Rc1 Bc3 38. Red1 g6 $15)
34... Qxa2 35. Qe2 Bc5 36. Nd3 $14 {White can fight for an advantage.}) 33...
Nxd7 34. Qd3 Qxa4 35. Rd1 Nc5 36. Qd4 Bf8 0-1

[Event "Bundesliga 0405"]
[Site "Germany"]
[Date "2005.01.29"]
[Round "8.4"]
[White "Krivoshey, Sergei"]
[Black "Appel, Ralf"]
[Result "1-0"]
[WhiteElo "2499"]
[BlackElo "2507"]
[Annotator "Huzman,A"]
[PlyCount "117"]
[EventDate "2004.11.12"]
[EventType "team-tourn"]
[EventRounds "15"]
[EventCountry "GER"]
[SourceTitle "CBM 106"]
[Source "ChessBase"]
[SourceDate "2005.06.06"]
[SourceVersion "1"]
[SourceVersionDate "2005.06.06"]
[SourceQuality "1"]
[WhiteTeam "Hofheim"]
[BlackTeam "Wattenscheid"]
[WhiteTeamCountry "GER"]
[BlackTeamCountry "GER"]

1. Nf3 d5 2. d4 Nf6 3. c4 c6 4. Qb3 dxc4 5. Qxc4 Bf5 6. g3 e6 7. Bg2 Be7 8. O-O
O-O 9. Nc3 Nbd7 10. Re1 Ne4 11. Qb3 Qb6 12. Nh4 Ndf6 {This is not the best
move. Now White creates a pawn centre and gets advantage.} (12... Bxh4 13. gxh4
(13. Nxe4 Bxe4 14. Bxe4 Bf6 15. Qc2 Bxd4 16. Bxh7+ Kh8 17. e3 Bf6 18. Bd3 Nc5
$11 {1/2-1/2 Benko,P-Gheorghiu,F/Mar del Plata 1965/MCD (27)}) 13... Nef6 (
13... Nxc3 14. bxc3 (14. Qxc3 Bg6 15. Bf4 Rfe8 (15... Qd8 16. Bg3 f5 $6 (16...
Nf6 $5 17. e4 Nh5 18. Rad1 f5 $132) 17. Bd6 $1 Re8 $2 18. Qg3 Nf6 19. Be5 Ng4
20. Bf3 $1 Nxe5 21. dxe5 $36 {1/2-1/2 Huzman,A-Fontaine,R/Istanbul 2003/CBM 96/
[Huzman] (35)}) 16. Rad1 (16. b3 f6 17. Rad1 Rad8 18. Rd2 Bf7 19. Red1 Nf8 20.
Qg3 Rd7 21. Qc3 Red8 $11 {1/2-1/2 Agrest,E-Huebner,R/Bremen GER 2003/(38)})
16... f6 17. e4 e5 18. Be3 Qc7 19. d5 Bf7 20. Bh3 $16 {0-1 Ivanchuk,V-Bareev,E/
Monaco 2002/CBM 87 ext (28)}) 14... Qc7 15. e4 Bg4 16. h3 Bh5 17. e5 Rab8 18.
c4 Rfe8 19. Bf4 $36 {1-0 Mihalcisin,A-Podkriznik,G/Celje SLO 2004/(38)}) (13...
Ndf6 14. Nxe4 Bxe4 15. Qxb6 axb6 16. f3 Bd5 17. a3 Nd7 18. e4 Bb3 19. Re3 Bc4
20. Rc3 Ba6 21. Be3 $14 {1/2-1/2 Solozhenkin,E-Akesson,J/Goteborg SWE 2004/(61)
}) 14. e4 (14. Qxb6 axb6 15. Bf4 b5 16. Bd6 Rfd8 (16... Rfc8 17. Nxb5 cxb5 18.
Bxb7 Nb6 19. Bxa8 Rxa8 20. b3 Ne4 $132 {0-1 Khenkin,I-Gurevich,M/Hoogeveen NED
2004/(64)}) 17. a4 bxa4 18. Nxa4 $14 {1/2-1/2 Urban,K-Jaracz,P/Warsaw 2003/CBM
95/[Huzman] (24)}) 14... Bg6 15. Qxb6 (15. Be3 Ng4 16. Qxb6 axb6 (16... Nxb6
17. Bf4 Rad8 18. Rad1 Nf6 19. b3 Bh5 20. Rd2 Rd7 21. f3 $14 {0-1 Khenkin,
I-Naumann,A/Bad Wiessee 2003/EXT 2004 (58)}) 17. Bf4 e5 18. dxe5 Ngxe5 19. Red1
f6 20. f3 b5 21. Kf2 Nc5 $17 {1-0 Tkachiev,V-Morozevich,A/Moscow RUS 2004/
CT-1534 (56)}) 15... axb6 (15... Nxb6 16. a4 Rad8 17. a5 Nc8 18. a6 bxa6 19.
Rd1 Rd7 20. Rxa6 Nb6 21. Be3 Rc8 22. Rda1 $16 {1-0 Ivanov,M-Ortmann,D/
Stuttgart 2003/CBM 94 ext (41)}) 16. Bf4 {1/2-1/2 Grabarczyk,M-Ivanchuk,V/
Warsaw 2001/CBM 84/[Konikowski] (16)}) (12... Qxb3 13. axb3 Bb4 (13... Bxh4 14.
gxh4 Nef6 (14... Ndf6 15. f3 Nxc3 16. bxc3 a5 17. e4 Bg6 18. Bf4 $16 {1-0
Kludacz,M-Horn,E/Stockholm 2001/EXT 2002 (41)}) 15. e4 Bg6 16. Bf4 Rfe8 17.
Rad1 (17. Bd6 $14 {0-1 Kludacz,M-Kononenko,T/Warsaw 2001/CBM 82 ext (46)})
17... Bh5 18. f3 h6 19. Kf2 Rad8 20. Bc7 Rc8 21. Bd6 $14 {1-0 Grabarczyk,
M-Sherwin,J/Panormo 2001/CBM 84 ext (31)}) 14. Nxf5 exf5 15. Bxe4 fxe4 16. Bd2
Rfe8 17. Nxe4 Rxe4 18. Bxb4 Rxd4 19. Bc3 Re4 (19... Rd6 20. Red1 Rxd1+ 21. Rxd1
Nf8 $11 {0-1 Grabarczyk,M-Barkhagen,J/Stockholm 2001/CBM 85 (79)}) 20. Red1 Nf6
21. Bxf6 gxf6 22. e3 Rb4 $11 {1/2-1/2 Urban,K-Kuczynski,R/Cetniewo 1991/CBM 22
ext (30)}) (12... Bb4 13. Nxf5 (13. Bxe4 Bxe4 14. Bd2 Bxc3 15. Qxc3 h6 16. f3
Bh7 17. Be3 Nf6 18. Bf2 Nd5 19. Qd2 Qb4 $11 {1/2-1/2 Landa,K-Vallejo Pons,F/
Bremen GER 2003/(22)}) (13. g4 Nxf2 14. Nxf5 exf5 15. Kxf2 Qxd4+ 16. Kf1 Qxg4
17. h3 Qh4 18. Bg5 Qxg5 19. Qxb4 Ne5 $44 {1/2-1/2 Landa,K-Gustafsson,J/
Preetzer GER 2004/(28)}) 13... exf5 14. Qc2 (14. Bxe4 fxe4 15. Rd1 Rfe8 (15...
Bxc3 $5) 16. Be3 Qa5 17. d5 $14 {1-0 Grabarczyk,M-Krivoshey,S/Griesheim 2003/
CBM 94/[Huzman] (40)}) 14... Qxd4 (14... Qa5 15. Bd2 Nxd2 16. Qxd2 Nb6 17. a3
Bxc3 18. bxc3 Nd5 19. Rec1 Rfe8 20. Qd3 $14 {0-1 Gokhale,C-Szuhanek,R/Calcutta
1999/CBM 69 ext (58)}) 15. Bxe4 Bxc3 16. Rd1 Qxe4 17. Qxe4 fxe4 18. Rxd7 Be5
19. Rxb7 Rfb8 20. Rxb8+ Rxb8 21. Rb1 c5 22. Be3 {1/2-1/2 Tkachiev,V-Vallejo
Pons,F/Biel 2002/CBM 91 (22)}) 13. Nxf5 (13. f3 Nxc3 14. Nxf5 Ncd5 15. Nxe7+
Nxe7 16. Qxb6 axb6 17. e4 b5 18. Be3 Ra6 19. a3 Rfa8 20. Bd2 Nc8 21. Rac1 Nb6
22. Bf1 $16 {1/2-1/2 Bareev,E-Gelfand,B/Cap d'Agde 2003/CBM 98 no vc (53)})
13... exf5 14. f3 $1 Nd6 (14... Nxc3 15. bxc3 $16 {[%cal Ge2e4]}) 15. e4 fxe4 (
15... Qxd4+ $2 16. Be3 Qe5 (16... Qc4 17. e5 $18) 17. f4 Qe6 18. e5 $18) 16.
Qxb6 axb6 17. fxe4 {[%cal Ge4e5]} Nc4 18. e5 $1 Ne8 $2 ({Black had good
chances to blocade White's pawns after} 18... Nd7 19. Re2 (19. b3 $2 Bb4 $1 $17
) (19. Bh3 Rfd8 20. e6 Nf8 21. exf7+ Kxf7 22. Rxe7+ (22. d5 Bf6 $11) 22... Kxe7
23. Bg5+ Kf7 24. b3 Na3 $11) (19. Ne4 Rfd8 $132 {[%csl Rd4]}) 19... b5 20. Ne4
(20. b3 Ncb6 21. Nd1 $1 Rfd8 22. Ne3 g6 23. Bb2 Nf8 $132 {[%cal Yf8e6]}) 20...
Rfd8 $132) 19. d5 Bc5+ 20. Kh1 Nc7 (20... Bd4 $1 21. dxc6 bxc6 22. Bxc6 Ra5 23.
Re4 $1 $16 Bxc3 (23... Nxe5 24. Rxd4 Nxc6 25. Rc4 Ne5 26. Rb4 $16) 24. Rxc4
Bxe5 25. Rb4) 21. dxc6 bxc6 22. Bxc6 $16 Rad8 23. Bg5 Rd3 24. Be4 $2 (24. Na4
$1 Bf2 (24... Bd4 25. Be4 $18) 25. Re2 Bd4 26. Be7 (26. Be4 Ra3) 26... Rb8 (
26... Rc8 27. Rc1 $18) 27. Rc1 (27. Bd6 Nxd6 28. exd6 Ne6 29. d7 Kf8 $16) 27...
b5 (27... Nxe5 28. Bd6 $18) 28. Bd6 $1 Nxd6 (28... Be3 29. Rxc4 bxc4 30. Be4
$18) (28... bxa4 29. Rxc4 $18) 29. exd6 Ne6 30. Bxb5 $18) 24... Rd4 25. Be3 $6
(25. Na4 $142 Ne6 26. Bf4 g5 $132) 25... Nxe3 26. Rxe3 Rd2 27. Re2 Rxe2 28.
Nxe2 Re8 $11 29. Rd1 g6 (29... Rxe5 30. Rd8+ Bf8 31. Bf3 Ne6 $11) 30. Bf3 Rxe5
31. Nf4 Nb5 $2 (31... Re7 $11) 32. Kg2 Re7 $2 (32... Nc7 33. b4 Bf8 (33... Bxb4
34. Nd3 $18) 34. a4 Na6 $14) 33. a4 (33. b4 $1 Bd6 34. Nd5 Re6 35. a4 Nc7 36.
a5 $16) 33... Nd6 (33... Nc7 $142 34. Nd3 Bd4 35. b4 $14) 34. Nd5 Re5 35. Nxb6
$18 Re3 $2 (35... Bxb6 36. Rxd6 Bc5 (36... Ba5 37. Rd4 Bb6 38. Rb4 Re6 39. Rb5
$18 {[%cal Gb2b4]}) 37. Rd8+ Kg7 38. Rb8 (38. a5 $5 $18) 38... Re1 39. a5 Ra1
40. b4 Ra2+ 41. Kf1 Bd4 42. Bd5 $18) 36. Nd7 $1 Bb4 37. Nf6+ Kg7 38. Nd5 Rb3
39. Nxb4 Nc4 (39... Rxb2+ 40. Kh3 Rxb4 41. Rxd6 Rxa4 42. Rd7 Ra1 (42... Ra2 43.
Rxf7+ $18) 43. Bd5 Rf1 44. Kg2 Rf6 $18) 40. Nd5 Rxb2+ 41. Kg1 Ra2 42. Nc3 Ra3
43. Rc1 Nb2 44. Be2 (44. Bd5 $5 f5 (44... Nd3 45. Nb5 Rxa4 46. Rc7 Ne5 47. Nd6
$18) 45. Nb5 Rxa4 46. Rc7+ Kh6 47. Nd6 $18) 44... Nxa4 45. Nd5 Ra2 46. Kf2 Rd2
47. Ne3 Nb6 48. Rc7 Rd6 49. Bf3 Rd2+ 50. Be2 Rd6 51. g4 Rd4 52. Bf3 Nd7 (52...
Rd7 $142) 53. Nc4 $1 Nf8 54. Ne5 Rf4 55. Kg3 Ne6 56. Ra7 g5 57. Bd5 Kf6 58.
Nxf7 h5 59. Bxe6 1-0

[Event "EU-ch 6th"]
[Site "Warsaw"]
[Date "2005.06.23"]
[Round "6"]
[White "Tregubov, Pavel V"]
[Black "Van Wely, Loek"]
[Result "1/2-1/2"]
[WhiteElo "2612"]
[BlackElo "2687"]
[Annotator "Huzman,A"]
[PlyCount "48"]
[EventDate "2005.06.18"]
[EventType "swiss"]
[EventRounds "13"]
[EventCountry "POL"]
[SourceTitle "CBM 108"]
[Source "ChessBase"]
[SourceDate "2005.09.26"]
[SourceVersion "1"]
[SourceVersionDate "2005.09.26"]
[SourceQuality "1"]

1. d4 Nf6 2. c4 e6 3. Nf3 d5 4. Nc3 dxc4 5. Qa4+ Nbd7 6. e4 a6 7. Bxc4 Rb8 8.
Qc2 b5 9. Bd3 Bb7 (9... c5 10. Bf4 Rb6 11. d5 (11. O-O Bb7 12. e5 Bxf3 13. exf6
Qxf6 $17 {1/2-1/2 Cifuentes Parada,R-Garcia Palermo,C/Rio Hondo 1987/EXT 97 
(56)}) 11... Bb7 12. dxe6 Rxe6 13. Ng5 Re7 14. O-O-O c4 15. Be2 h6 16. e5 hxg5
17. exf6 gxf6 18. Bd6 Re6 19. Bg3 (19. Bxf8 Kxf8 20. Bg4 $44) 19... Bg7 20. Bg4
O-O 21. Bxe6 (21. Qd2 $1 $16) 21... fxe6 22. Rhe1 f5 23. Qd2 Rf7 $132 {Ivanov
S.-Rublevsky,Elista1997}) 10. Bf4 (10. O-O c5 11. Bf4 {'?'} (11. d5 c4 12. Be2
Qc7 (12... exd5 13. Nxd5 (13. exd5 Nxd5 (13... Bd6 14. a4 O-O 15. axb5 axb5 16.
Nxb5 Qb6 17. Bxc4 $16 {1-0 Lutikov,A-Gurgenidze,B/Moscow 1963/EXT 99 (35)}) 14.
Nxd5 Bxd5 15. Rd1 Be6 16. Ng5 $44 {Lutikov,A-Gurgenidze,B/URS 1963 (16)}) 13...
Nxd5 14. exd5 Bd6 15. Bg5 Nf6 16. Rad1 O-O 17. Nd4 Re8 18. Bf3 h6 19. Bh4 Be5
$13 {1/2-1/2 Emma,J-Pilnik,H/Mar del Plata 1966/MCD (35)}) 13. Nd4 e5 14. Nf5
g6 15. Nh6 Rc8 16. Be3 Bc5 17. Bxc5 Nxc5 18. Ng4 Nxg4 19. Bxg4 Rd8 20. Nd1 O-O
21. Ne3 Nxe4 22. Qxe4 f5 23. Bxf5 gxf5 24. Nxf5 Rxd5 $36 {1/2-1/2 Lytchak,
A-Kupreichik,V/Groningen 1996/EXT 98 (65)}) 11... Rc8 12. d5 c4 $10 {Opocensky,
K-Lundin,E/Buenos Aires ol-fin (12) 1939 (35)}) (10. Bg5 h6 (10... c5 $5) 11.
Bh4 g5 12. Bg3 Rc8 13. Rd1 c5 14. dxc5 Bxc5 15. Qe2 Qa5 16. O-O b4 17. Nb1 Qxa2
18. Ne5 $36 {1-0 Akimov,I-Himanshu,K/St Petersburg 2002/EXT 2003 (23)}) (10. e5
Nd5 11. Bxh7 Nb4 12. Qb1 Bxf3 13. gxf3 c5 $17 {1/2-1/2 Crouch,C-Kamath,S/
Calcutta 1994/EXT 97 (31)}) 10... Rc8 11. d5 $5 (11. Rd1 c5 12. dxc5 (12. d5 $6
c4 (12... Qb6 13. dxe6 Qxe6 14. Ng5 Qg4 15. g3 Qh5 16. h4 h6 17. Be2 Qg6 18. h5
hxg5 19. hxg6 Rxh1+ 20. Bf1 gxf4 $19 {0-1 Pedersen,H-Christensen,R/DEN-ch corr
1949/CR97-49 (33)}) 13. dxe6 (13. Be2 b4 14. dxe6 fxe6 15. e5 Nd5 16. Nxd5 Bxd5
17. Ng5 Be7 18. Bh5+ g6 19. Bxg6+ Kf8 20. Nf7 $18 {1-0 Martin,P-Wexler/Buenos
Aires ch-ARG 1951 (41)}) 13... cxd3 14. exf7+ $2 (14. exd7+ Qxd7 15. Rxd3 Qg4
$44) 14... Kxf7 15. Rxd3 Qe8 $1 $17 {0-1 Kramnik,V-Ehlvest,J/Novgorod 1995/CBM
48/[Ftacnik] (30)}) 12... Qa5 (12... Bxc5 13. Qe2 Nh5 $1 14. Bc1 Qc7 15. O-O
O-O 16. e5 $5 Bxf3 $1 17. Qxf3 g6 18. Be2 $1 Nxe5 19. Qh3 $44 {1/2-1/2
Tregubov,P-Tukmakov,V/Koszalin 76/365 1999/[Tukmakov,V] (46)}) 13. c6 Bxc6 14.
O-O Nc5 15. Rfe1 Nxd3 16. Qxd3 Be7 $11 {1/2-1/2 Kljako,D-Sher,M/Biel 1990/EXT
2000 (32)}) (11. O-O c5 12. d5 c4 13. Be2 (13. dxe6 cxd3 14. exf7+ Kxf7 15.
Ng5+ Kg8 16. Qxd3 Nc5 17. Qxd8 Rxd8 18. Rad1 Rxd1 19. Rxd1 h6 20. Nf3 Ncxe4 {
0-1 Oudheusden,N-Mulder van Leens Dijkstra,K/corr NL-ch (FS-63/57) 1963/Inf 63
(20)}) 13... exd5 14. Rad1 (14. Nxd5 Bxd5 15. exd5 Bc5 16. b3 cxb3 17. Qxb3 O-O
18. Rad1 Qb6 $11 {0-1 Sherbakov,R-Svidler,P/RUS-ch m1-2 Elista (3) ;CBM 59
1997 (41)}) 14... dxe4 15. Ne5 Rc7 16. Ng4 Rc5 17. Nxf6+ Qxf6 18. Be3 Re5 19.
Bd4 Bc5 20. Bxe5 Qxe5 21. Qd2 Bc6 (21... Bc8 $142) 22. Bg4 f5 23. Nxe4 {
1-0 Schlosser,P-Kekki,P/Aabybro Nordic-tt ;EXT 89 1989 (42)}) 11... exd5 $1 {
Of course, this move is a critical continuation.} ({Worse is} 11... Nh5 12. Be3
e5 13. a4 (13. O-O $5 c6 $140 14. Qe2 Nhf6 15. dxc6 Bxc6 16. a4 b4 17. Nd5 $16)
13... b4 14. Na2 (14. Ne2 c6 15. dxc6 Rxc6 16. Qb3 $14) 14... c6 15. dxc6 (15.
Qe2 $5 cxd5 16. exd5) 15... Rxc6 $132 {1/2-1/2 Gelfand,B-Psakhis,L/Polanica
Zdroj 1997/Inf 71/ (36)}) 12. O-O-O $1 {White tries to exploit his development
advantage.} (12. O-O Nc5 (12... dxe4 13. Nxe4 Nd5 14. Rfe1 (14. Bd2 Be7 15. a4
c5 16. Rfe1 O-O $15) 14... Be7 $15) 13. Rad1 Be7 14. Nxd5 Nxd5 15. exd5 Nxd3
16. Qxd3 O-O 17. Rfe1 Bf6 18. Be5 $14) (12. e5 Nh5 (12... Ne4 13. Nxe4 dxe4 14.
Bxe4 Bxe4 15. Qxe4 Nc5 16. Qc6+ Qd7 17. Qxd7+ Nxd7 18. O-O-O Nc5 $14) 13. Bg5
Be7 14. e6 Nc5 (14... fxe6 15. Bxh7 Bxg5 16. Qg6+ Kf8 17. Nxg5 Qe8 $1 18. Nxe6+
Ke7 19. Qf5 Rxh7 20. Qxh7 Kxe6 21. O-O-O Qf7 $13) 15. exf7+ Kf8 $1 16. h4 d4 $5
$36 (16... b4 17. Ne2 Nxd3+ 18. Qxd3 c5 $13)) 12... Nc5 (12... Be7 13. Nxd5
Nxd5 14. exd5 $36) (12... dxe4 13. Bxe4 (13. Nxe4 Nd5 14. Rhe1 Be7 15. Nc5 Nxc5
16. Qxc5 O-O 17. Qc2 g6) 13... Nxe4 14. Nxe4 $36) 13. Nxd5 (13. Rhe1 Be7 14. e5
Nxd3+ 15. Qxd3 Nh5 16. Be3 Qd7 $13) 13... Nxd5 14. exd5 Nxd3+ 15. Rxd3 (15.
Qxd3 Be7 16. Rhe1 O-O 17. Kb1 $14) 15... Be7 16. h4 (16. Ne5 Bd6 (16... O-O 17.
Nc6 Bxc6 18. dxc6 Bd6 19. Kb1 Qf6 20. Bxd6 cxd6 21. Rhd1 d5 $11) 17. Kb1 O-O
$11) 16... O-O (16... Bxd5 17. Re1 O-O 18. Rxe7 $16) 17. Ng5 g6 18. Qd2 Bd6 19.
Kb1 (19. Bxd6 $142 cxd6+ (19... Qxd6 20. Ne4 Qe7 21. Re1 $16) 20. Kb1 $14)
19... Bxf4 20. Qxf4 Bxd5 $1 {Black deides to take all the sacrificed material
- with the idea to give it back to neutralise White's attack.} 21. Nxh7 Kxh7
22. h5 Kg7 $1 23. Qd4+ (23. hxg6 fxg6 24. Qe5+ Qf6 25. Qxd5 Rcd8 $11) 23... f6
24. Qxd5 Qxd5 (24... Qxd5 25. Rxd5 Rfd8 $11) 1/2-1/2